• 首页
  • 本馆介绍
  • 公告通知
  • 最新文献
  • 馆藏检索
  • 电子资源
  • 读者导购
  • 参考咨询
  • 我的图书馆
  • 登录
  • 详细信息显示
  • 放入我的书架
  • 预约/预借图书
  • 作者相关作品
  • 分类相关作品
  • 丛书相关作品
  • 出版社相关作品

书目信息

  • 表格格式
  • 工作单格式
  • 卡片格式
题名:
国际经济合作
    
 
作者: 王云凤 , 杨云母 主编
分册:  
出版信息: 北京   经济科学出版社  2013
页数: 372页
开本: 23cm
丛书名:
单 册:
中图分类: F114.4
科图分类:
主题词: 国际合作--经济合作--高等学校--教材 , 国际合作 , 经济合作
电子资源:
ISBN: 978-7-5141-3691-3
000 00995nam0 2200289 450
001 523
005 20140908151403.17
010    @a978-7-5141-3691-3@dCNY37.00
100    @a20130905d2013 em y0chiy50 ea
101 0  @achi
102    @aCN@b110000
105    @ay z 000yy
106    @ar
200 1  @a国际经济合作@AGuo Ji Jing Ji He Zuo@f王云凤,杨云母主编@FWang Yun Feng, Yang Yun Mu Zhu Bian
205    @a2版
210    @a北京@c经济科学出版社@d2013
215    @a372页@d23cm
300    @a高等院校财经类专业课程系列教材
330    @a本书分为十一章,内容包括:国际经济合作导论、国际经济合作的基本理论、国际直接投资、国际间接投资、中国利用外资、中国对外投资、国际技术贸易等。
606 0  @a国际合作@x经济合作@x高等学校@j教材
606 0  @a国际合作
606 0  @a经济合作
690    @aF114.4@v5
701  0 @a王云凤@AWang Yun Feng@c(女,@f1963~)@4主编
701  0 @a杨云母@AYang Yun Mu@c(女,@f1956~)@4主编
801  0 @aCN@bTANGWEI@c20140603
905    @b0839830-32@dF114.4@e166=2@f3
    
    国际经济合作/王云凤,杨云母主编.-2版.-北京:经济科学出版社,2013
    372页;23cm
    高等院校财经类专业课程系列教材
    
    ISBN 978-7-5141-3691-3:CNY37.00
    本书分为十一章,内容包括:国际经济合作导论、国际经济合作的基本理论、国际直接投资、国际间接投资、中国利用外资、中国对外投资、国际技术贸易等。
●
相关链接 在E读中查询图书 在五车中查询图书 在当当中查询图书 在豆瓣中查询图书


正题名:国际经济合作     索取号:F114.4/166=2         预约/预借

序号 登录号 条形码 馆藏地/架位号 状态 备注
1 0839830   208398303   第一样本阅览室/ [索取号:F114.4/166=2] 在馆    
2 0839831   208398312   密集书库-海洋学院/ [索取号:F114.4/166=2] 在馆    
3 0839832   208398321   第一借阅区/ [索取号:F114.4/166=2] 在馆    
唐山师范学院图书馆 欢迎您!
大连网信软件有限公司© 版权所有